=LDR 00000nam 2200000 4500 =001 INLIS000000000017157 =005 20130612112336 =008 ***********************************Ind** =035 ##$$0010-061300000017157 =041 ##$$a Ind =082 ##$$a 657 =090 ##$$a 657, Cho a =100 ##$$a Choi, Frederick D.S =245 ##$$a Akuntansi internasional, Frederick D.S Choi =260 ##$$a 1998 $b Jakarta =300 ##$$a ...jil, 24 cm =650 ##$$a Akuntansi Internasional =850 ##$$a NBPNMAT =990 ##$$a 0001/BPAP-NTB/20142015 =990 ##$$a 21602335/BPAP-NTB/2017